00489nmm a2200169Ia 4500008004100000020001500041041000800056100002100064245003800085264005100123300001800174490003000192650002300222856005000245942000700295999001700302251105s9999||||xx |||||||||||||||||und|| a847030478X aspa aAltamira, Rafael 0aPsicología del pueblo español a[Madrid, España] :bBiblioteca Nueva, c1997 a240 páginas aCien años después, 98 aSpanish literature uhttps://public.digitaliapublishing.com/a/5463 cCF c73084d73084